Indonesian Words - Statistics

General Stats
  • This quiz has been taken 451 times
  • The average score is 15 of 20
Answer Stats
Hint Answer % Correct
Nasi Rice
94%
Tidak No
93%
Mobil Car
91%
Bahasa Language
89%
Jepang Japan
84%
Maf Sorry
83%
Bagus Good
80%
Pulau Island
77%
Raja King
77%
Timur East
76%
Kota City
75%
Belanda Netherlands
71%
Pria Man
70%
Singa Lion
69%
Mie Noodles
68%
Rok Skirt
66%
Air terjun Waterfall
59%
Bintang Stars
52%
Candi Temple
50%
Pariwisata Tourism
29%
No matching quizzes found
Score Distribution
Percent of People with Each Score
Percentile by Number Answered
Your Score History
You have not taken this quiz